GUIDELINES on reduction of exposure to noise in the wood processing industry

Bibliographic Details
Corporate Authors: Department of Occupational Safety & Health, Institut Penyelidikan Perhutanan Malaysia (FRIM)
Other Authors: Ho
Format: Book
Published: Kuala Lumpur : Institut Penyelidikan Perhutanan Malaysia , 1999
Edition:2nd ed.
Series:FRIM technical information handbook; n.. 21
Subjects:

MARC

LEADER 00000cam a2200000 7i4500
001 0000000900
005 20021007.0
020 0 0 |a 9839592858 
090 0 0 |a FRIM363.1196748   |b GUI 1999 
245 0 0 |a GUIDELINES on reduction of exposure to noise in the wood processing industry   |c edited by Ho Kam Seng 
250 0 0 |a 2nd ed. 
260 0 0 |a Kuala Lumpur :   |b Institut Penyelidikan Perhutanan Malaysia ,   |c 1999 
300 |a 42 p. :   |b ill. ;   |c 25 cm. 
440 0 0 |a FRIM technical information handbook; n.. 21 
500 0 0 |a Bibliography: [p. 41] 
650 0 0 |a Wood-using industries   |x Safety regulations 
700 0 1 |a Ho   |h Kam Seng 
710 1 1 |a Department of Occupational Safety & Health 
710 1 1 |a Institut Penyelidikan Perhutanan Malaysia (FRIM) 
998 |a JPSM 
999 |a 0000001926   |b Monograph   |c Open Shelf   |e Default branch 
999 |a 0000002506   |b Monograph   |c Open Shelf   |e Default branch 
999 |a 0000003469   |b Monograph   |c Open Shelf   |e Default branch